| 000 | 00809nam a22002057a 4500 | ||
|---|---|---|---|
| 999 |
_c6671 _d6671 |
||
| 003 | AR-CdUCM | ||
| 008 | 190319b ||||| |||| 00| 0 eng d | ||
| 040 |
_aMUNICIPALIDAD PROVINCIAL DEL CUSCO _cBIBLIOTECA MUNICIPAL DEL CUSCO |
||
| 082 |
_23ed. _a709 / _bP56 |
||
| 100 |
_aPijoán, José _918769 |
||
| 245 |
_aSumma Artis, Historia general del arte : _bArte Islámico / |
||
| 260 |
_aMadrid _bEspasa-Calpe, S.A., _c1960. |
||
| 300 |
_a625 páginas ; _bIlustraciones en color y b/n. _c27 cm. |
||
| 505 | _aArte árabe preislámico -- Meca y medina -- Al-Kufa y Al-Fusat -- Jerusalén y Damasco -- Los castillos de los Califas Omeyas en el desierto de la Siria... | ||
| 650 |
_aHistoria del Arte _91647 |
||
| 650 |
_aPintura _93081 |
||
| 650 |
_aArte Islámico _918770 |
||
| 942 |
_2ddc _cLIBROS |
||
| 945 | _admma | ||